000 01013nam0a22002531 4500
001 rc\642552
005 20260407142226.0
035 _a(NLR Aleph) 005883694
090 _a6104692
_c6104692
100 _a20031121d1986 |||y0rusy50 ca
101 0 _arus
102 _aRU
105 _aa |||||||||
200 1 _aПолуметаллы и узкозонные полупроводники и приборы на их основе
_e[Сб. ст.]
_fАН МССР, Ин-т прикл. физики
_g[Редкол.: С.И. Радауцан (отв. ред.) и др.]
210 _aКишинев
_cШтиинца
_d1986
215 _a161, [1] с.
_cил.
_d22
320 _aБиблиогр. в конце ст.
702 1 _aРадауцан
_bС.И.
_gСергей Иванович
_4340
712 0 2 _aИнститут прикладной физики
_cКишинев
_3RU\NLR\AUTH\8810011752
_9521225
801 0 _aRU
_bNLR
_gpsbo
801 1 _aRU
_bELAR
_2rusmarc
852 _aNLR
_j86-5/7576
942 _cBOOK
980 _aNB